The noble scholar, jurist, historian


 His Excellency Dr. Abdul Wahhab bin Ibrahim Abu Sulaiman, may Allah have mercy on him.


 He was born in Umm Al-Qura in the year 1356 AH.

أسماء شيوخ الإمام مالك بن أنس / (Record no. 12234)

MARC details
000 -LEADER
fixed length control field 02716cam a2200349 i 4500
003 - CONTROL NUMBER IDENTIFIER
control field SA-RiAUC
005 - DATE AND TIME OF LATEST TRANSACTION
control field 20250930120427.0
008 - FIXED-LENGTH DATA ELEMENTS--GENERAL INFORMATION
fixed length control field 250925t1989 ua h g 00100cara c
024 0# - OTHER STANDARD IDENTIFIER
Standard number or code 00000000270017
040 ## - CATALOGING SOURCE
Original cataloging agency SA-RiAUC
Language of cataloging ara
Transcribing agency SA-RiAUC
Modifying agency KAC
Description conventions rda
050 #4 - LIBRARY OF CONGRESS CALL NUMBER
Item number .I26 1989
082 04 - DEWEY DECIMAL CLASSIFICATION NUMBER
Classification number 922.582
090 ## - LOCALLY ASSIGNED LC-TYPE CALL NUMBER (OCLC); LOCAL CALL NUMBER (RLIN)
Classification number (OCLC) (R) ; Classification number, CALL (RLIN) (NR) 922.582
Local cutter number (OCLC) ; Book number/undivided call number, CALL (RLIN) ا ب ن خ
100 1# - MAIN ENTRY--PERSONAL NAME
Personal name ابن خلفون، محمد بن إسماعيل بن محمد،
Dates associated with a name 555-636 هجري
Relator term مؤلف.
245 10 - TITLE STATEMENT
Title أسماء شيوخ الإمام مالك بن أنس /
Statement of responsibility, etc. لابن خلفون الأندلسي ؛ تحقيق وتعليق وتقديم الدكتور محمد زينهم محمد عزب.
264 #1 - PRODUCTION, PUBLICATION, DISTRIBUTION, MANUFACTURE, AND COPYRIGHT NOTICE
Place of production, publication, distribution, manufacture القاهرة :
Name of producer, publisher, distributor, manufacturer مكتبة الثقافة الدينية،
Date of production, publication, distribution, manufacture, or copyright notice [1989]
264 #4 - PRODUCTION, PUBLICATION, DISTRIBUTION, MANUFACTURE, AND COPYRIGHT NOTICE
Date of production, publication, distribution, manufacture, or copyright notice ©1989
300 ## - PHYSICAL DESCRIPTION
Extent 307 صفحة :
Other physical details مثليات ؛
Dimensions 24 ×17 سم
336 ## - CONTENT TYPE
Content type term نص
Content type code txt
Source rdacontent
Materials specified كتاب
337 ## - MEDIA TYPE
Media type term بدون وسيط
Media type code n
Source rdamedia
338 ## - CARRIER TYPE
Carrier type term مجلد
Carrier type code nc
Source rdacarrier
500 ## - GENERAL NOTE
General note كشافات : صفحة 259-307
504 ## - BIBLIOGRAPHY, ETC. NOTE
Bibliography, etc. note ببليوجرافية : صفحة 255-258.
504 ## - BIBLIOGRAPHY, ETC. NOTE
Bibliography, etc. note يشتمل على إرجاعات ببليوجرافية.
520 ## - SUMMARY, ETC.
Summary, etc. هذا الكتاب مليء بأكثر من ثلاثمائة فقيه وعالم من شتى بقاع العالم الإسلامي، وبالتحديد مكة والمدينة والبصرة والكوفة ومصر أحيانا. يقوم ابن خلفون باستعراض حياة كل فقيه، بما في ذلك نسبه ومؤلفاته وشيوخه وتلامذته، كأنه هو الذي عاش في عصره، مع تفاصيل دقيقة تسلط الضوء على الجوانب المختلفة من حياة هؤلاء العلماء. يعد الكتاب مرجعا قيما للباحثين والمهتمين بالتاريخ الإسلامي، حيث يقدم تواصلا بين الأجيال ويعزز من فهم التراث العلمي الذي أسهم في تطوير الفقه الإسلامي. من خلال هذا العمل، يمكن للقارئ أن يتعرف على تأثير هؤلاء العلماء في مجتمعاتهم وكيف ساهمت أفكارهم في تشكيل الفكر الإسلامي عبر العصور.
600 17 - SUBJECT ADDED ENTRY--PERSONAL NAME
Personal name الإمام مالك، مالك بن أنس بن مالك،
Dates associated with a name 93-179 هجري
Source of heading or term aucnm
650 #7 - SUBJECT ADDED ENTRY--TOPICAL TERM
Topical term or geographic name entry element الفقهاء المالكية
Form subdivision تراجم
Source of heading or term aucsh
700 12 - ADDED ENTRY--PERSONAL NAME
Relationship information تحقيق لـ (عمل) :
Personal name ابن خلفون، محمد بن إسماعيل بن محمد،
Dates associated with a name 555-636 هجري.
Title of a work أسماء شيوخ الإمام مالك بن أنس.
700 1# - ADDED ENTRY--PERSONAL NAME
Personal name عزب، محمد زينهم محمد
Relator term محقق.
942 ## - ADDED ENTRY ELEMENTS (KOHA)
Source of classification or shelving scheme Dewey Decimal Classification
Koha item type Books
Suppress in OPAC No
949 ## - LOCAL PROCESSING INFORMATION (OCLC)
a SA-JeALM
d 250925
u mohamedma123
n 1
Holdings
Withdrawn status Lost status Source of classification or shelving scheme Damaged status Not for loan Home library Current library Date acquired Total checkouts Full call number Barcode Date last seen Price effective from Koha item type
    Dewey Decimal Classification     DR AbdElwahab Library DR AbdElwahab Library 09/30/2025   922.582 ا ب ن خ 000019721 09/30/2025 09/30/2025 Books
    Dewey Decimal Classification     DR AbdElwahab Library DR AbdElwahab Library 10/14/2025   922.582 ا ب ن خ 000020233 10/14/2025 10/14/2025 Books